Mohamed Salah Assists for Liverpool - Statistics

General Stats
  • This quiz has been taken 29 times
    9 since last reset
  • The average score is 23 of 29
Answer Stats
Goals Nationality Current Club Player % Correct
4 Argentinean Liverpool Alexis MacAllister
100%
10 Dutch Liverpool Cody Gakpo
100%
5 Uruguayan Al-Hilal Darwin Nunez
100%
6 Portuguese Liverpool Diogo Jota
100%
3 Hungarian Liverpool Dominik Szoboszlai
100%
7 Colombian Liverpool Luis Diaz
100%
4 Guinean Ferencvaros Naby Keita
100%
13 Brazilian Al-Ahli Roberto Firmino
100%
17 Senegalese Al-Nassr Sadio Mane
100%
6 English Real Madrid Trent Alexander-Arnold
100%
2 Swiss Basel Xherdan Shaqiri
100%
2 Scottish Liverpool Andy Robertson
88%
1 Belgian AC Milan Divock Origi
88%
4 English Aston Villa Harvey Elliott
88%
3 Dutch Liverpool Virgil Van Dijk
88%
1 German Borussia Dortmund Emre Can
75%
2 Brazilian Al-Ittihad Fabinho
75%
2 Dutch Al-Ettifaq Georginio Wijnaldum
75%
2 Cameroonian Retired Joel Matip
75%
1 Japanese Liverpool Waturu Endo
75%
2 English Besiktas Alex Oxlade-Chamberlain
63%
5 English Liverpool Curtis Jones
63%
1 Brazilian Brentford Fabio Carvalho
63%
2 English Brentford Jordan Henderson
63%
1 Brazilian Vasco da Gama Philippe Coutinho
63%
1 English Tottenham Dominic Solanke
50%
1 English RB Salzburg Bobby Clark
38%
1 English Retired Daniel Sturridge
38%
1 English Liverpool Rio Ngumoha
25%
No matching quizzes found
Score Distribution
Percent of People with Each Score
Percentile by Number Answered
Your Score History
You have not taken this quiz since the last reset